Constellations circumpolaires - Statistiques

Statistiques générales
  • Ce quiz a été pris 187 fois
  • Le résultat moyen est 4 sur 6
Statistiques - réponses
Réponse % Correct
Grande Ourse
96%
Petite Ourse
96%
Cassiopée
78%
Dragon
71%
Céphée
54%
Girafe
36%
Aucun quiz correspondant
Distribution des résultats
% des personnes avec chaque résultat
Percentile par nombre de réponses
Votre historique - résultats
Vous n’avez pas pris ce quiz